[Event "Women Grand Prix Ankara"]
[Site "Ankara TUR"]
[Date "2012.09.19"]
[EventDate "2012.09.16"]
[Round "4"]
[Result "1-0"]
[White "Ju Wenjun"]
[Black "Betul Cemre Yildiz"]
[WhiteElo "2528"]
[BlackElo "2341"]
[PlyCount "101"]

1. d4 d5 2. Nf3 c5 3. c4 dxc4 4. e4 cxd4 5. Qxd4 Qxd4 6. Nxd4
Bd7 7. Bxc4 Nc6 8. Be3 e6 9. Nxc6 Bxc6 10. Nd2 Nf6 11. f3 Nd7
12. Kf2 Bc5 13. Bxc5 Nxc5 14. b4 O-O-O 15. Ke3 Na4 16. Rhc1
Kb8 17. Be2 e5 18. Rc2 Rc8 19. Rac1 Bd7 20. Nc4 f6 21. g3 Be6
22. f4 exf4+ 23. gxf4 Rhd8 24. f5 Bf7 25. e5 fxe5 26. Nxe5
Rxc2 27. Rxc2 Bd5 28. Bf3 Nb6 29. Rg2 Re8 30. Kd4 Bxf3
31. Nxf3 Rf8 32. Ke4 Re8+ 33. Kd4 Rf8 34. Nh4 Rf7 35. Ke5 Kc7
36. Rc2+ Kd7 37. Nf3 Re7+ 38. Kd4 Nc8 39. Kd5 Nb6+ 40. Kd4 Nc8
41. Ne5+ Kd8 42. Kd5 Nb6+ 43. Kd6 a6 44. a3 h6 45. Rc1 Ke8
46. Rc7 Rxc7 47. Kxc7 Nd5+ 48. Kxb7 Ke7 49. Kxa6 Kf6 50. Nc4
Kxf5 51. b5 1-0

[Event "Women Grand Prix Ankara"]
[Site "Ankara TUR"]
[Date "2012.09.21"]
[EventDate "2012.09.16"]
[Round "5"]
[Result "1/2-1/2"]
[White "Betul Cemre Yildiz"]
[Black "Batkhuyag Munguntuul"]
[WhiteElo "2341"]
[BlackElo "2434"]
[PlyCount "128"]

1. e4 c5 2. Nf3 e6 3. d4 cxd4 4. Nxd4 Nc6 5. Nb5 d6 6. Bf4 e5
7. Be3 a6 8. N5c3 Nf6 9. Bg5 Be7 10. Bxf6 Bxf6 11. Nd2 O-O
12. Nc4 Nd4 13. Nd5 Be6 14. Ncb6 Bxd5 15. Nxd5 Bg5 16. c3 Ne6
17. Bc4 Kh8 18. O-O Rc8 19. Bd3 Nf4 20. Nxf4 Bxf4 21. Qb3 Qc7
22. Rad1 Bg5 23. Be2 Rcd8 24. Bc4 f5 25. Bd5 b6 26. Qc2 f4
27. f3 Rf6 28. Rd3 Rh6 29. Rfd1 Qc5+ 30. Qf2 Qc7 31. b4 Bh4
32. Qc2 Qa7 33. a4 Rc8 34. Kf1 Bd8 35. h3 Qe7 36. b5 a5
37. Bc6 Bc7 38. Qf2 Rg6 39. Ke2 h6 40. Rd5 Rf8 41. R1d2 Rff6
42. Kd1 Rg3 43. Qf1 Rfg6 44. Rf2 Qf7 45. Kc2 Bd8 46. Kb2 Bc7
47. Rdd2 Bd8 48. Bd5 Qc7 49. Bb3 Rf6 50. Qc4 Qxc4 51. Bxc4
Rgg6 52. Bd5 Rf8 53. Kb3 Be7 54. Kc4 Rc8+ 55. Kb3 Rf6 56. Rf1
Kh7 57. Rh1 h5 58. Rdd1 Kh6 59. Rd2 Rc7 60. Re2 Rg6 61. Rd2
Rf6 62. Re2 Rg6 63. Rd2 Rf6 64. Re2 Rg6 1/2-1/2

[Event "Women Grand Prix Ankara"]
[Site "Ankara TUR"]
[Date "2012.09.22"]
[EventDate "2012.09.16"]
[Round "6"]
[Result "1-0"]
[White "Anna Muzychuk"]
[Black "Betul Cemre Yildiz"]
[WhiteElo "2606"]
[BlackElo "2341"]
[PlyCount "259"]

1. e4 e5 2. Nf3 Nc6 3. d4 exd4 4. Nxd4 Bc5 5. Nxc6 Qf6 6. Qf3
dxc6 7. Nc3 Be6 8. Qg3 O-O-O 9. Be3 Bxe3 10. Qxe3 Kb8 11. f4
Ne7 12. Bd3 Rhe8 13. O-O Bc8 14. Qf2 Qd4 15. a3 c5 16. Rad1 a6
17. Be2 Qxf2+ 18. Kxf2 Nc6 19. Rxd8 Rxd8 20. Rd1 Rd4 21. Ke3
f6 22. Bf3 Be6 23. Rd2 Kc8 24. h4 Rxd2 25. Kxd2 Nd4 26. Bd1
Kd7 27. Ne2 Nxe2 28. Bxe2 Kd6 29. Kc3 Bd7 30. Bc4 Bc6 31. Kd3
h6 32. Ke3 Ba4 33. c3 Bc6 34. Be2 Bd7 35. Bh5 Ba4 36. Kf2 b6
37. Kg3 a5 38. Be2 Bd7 39. Kf3 Bc6 40. Ke3 Bd7 41. g4 Be8
42. Bc4 Bd7 43. Be2 Be8 44. Bd1 Bd7 45. Bf3 Be8 46. Be2 Bd7
47. Kf3 Bc6 48. Bc4 Bb7 49. Bf7 Bc6 50. Bg6 Bd7 51. Bh7 Bc6
52. Bf5 Be8 53. Ke3 Bc6 54. g5 Ba4 55. Bg4 Bc6 56. Be2 Be8
57. Bc4 Bh5 58. Kf2 Be8 59. Kf3 Bh5+ 60. Kg3 Bd1 61. gxh6 gxh6
62. Bf1 Bh5 63. Bg2 Be8 64. Kg4 Ke6 65. Bf1 b5 66. Be2 h5+
67. Kf3 Kd6 68. Bf1 Bd7 69. Kg3 Bc6 70. Bg2 Bd7 71. Bh3 Bc6
72. Bf5 Be8 73. Kf3 Bf7 74. Ke3 Be8 75. Bh7 b4 76. Bg8 Bd7
77. Bf7 Bg4 78. Bg6 Ke6 79. Kd2 Kd6 80. Kd3 Bf3 81. Bf5 Bd1
82. Ke3 Ba4 83. Kd2 Be8 84. Kd3 Bb5+ 85. Ke3 Be8 86. Kd2 Bf7
87. Kd3 Bb3 88. Bh3 Bd1 89. Bf1 Bb3 90. Be2 Bf7 91. Bf3 c6
92. Ke3 Be8 93. Be2 Bf7 94. Kf2 Bg6 95. Bf3 Bf7 96. Kg3 Be8
97. Bg2 Bf7 98. Bh3 Bb3 99. Kf2 Bd1 100. Ke3 Bb3 101. Kd2 Bf7
102. Bc8 Bc4 103. Bf5 Bf7 104. Bh7 Be6 105. Bg6 Bg4 106. Ke3
Bd1 107. Be8 Bg4 108. Bf7 Ke7 109. Bc4 Bd7 110. axb4 cxb4
111. cxb4 axb4 112. Kd4 Kd6 113. e5+ fxe5+ 114. fxe5+ Ke7
115. Kc5 Be6 116. Kxb4 Bg4 117. Kc5 Bf3 118. b4 Kd7 119. Bf7
Ke7 120. e6 Bg2 121. Bxh5 Kxe6 122. Be8 Bf1 123. Bxc6 Kf6
124. Bd5 Be2 125. Bc4 Bg4 126. Kd6 Bf3 127. b5 Be4 128. b6 Bb7
129. Kc7 Be4 130. Bb5 1-0

[Event "Women Grand Prix Ankara"]
[Site "Ankara TUR"]
[Date "2012.09.23"]
[EventDate "2012.09.16"]
[Round "7"]
[Result "1/2-1/2"]
[White "Betul Cemre Yildiz"]
[Black "Kubra Ozturk"]
[WhiteElo "2341"]
[BlackElo "2294"]
[PlyCount "164"]

1. e4 e5 2. Nf3 Nc6 3. Nc3 Nf6 4. d4 exd4 5. Nxd4 Bb4 6. Nxc6
bxc6 7. Bd3 d5 8. exd5 Qe7+ 9. Qe2 cxd5 10. Qxe7+ Kxe7 11. O-O
c6 12. Ne2 Bc5 13. Ng3 h6 14. b3 Be6 15. Bb2 h5 16. Nf5+ Bxf5
17. Bxf5 Rhe8 18. Rfe1+ Kd6 19. Kf1 g6 20. Bxf6 gxf5 21. Rxe8
Rxe8 22. Re1 Re6 23. Bg7 Bb6 24. Bc3 c5 25. Bd2 c4 26. bxc4
dxc4 27. Rb1 Kc6 28. Bc3 Bc7 29. Rb4 Re4 30. Ra4 a5 31. Be1
Kb5 32. Ra3 f4 33. Rh3 Re5 34. Bd2 Rf5 35. Rf3 Rd5 36. Ke2
Re5+ 37. Kd1 Rg5 38. g3 fxg3 39. hxg3 Rd5 40. Rxf7 c3 41. Rxc7
Rxd2+ 42. Kc1 Rxf2 43. Rxc3 Rh2 44. Kb2 h4 45. Rb3+ Ka4
46. Ra3+ Kb4 47. gxh4 Rxh4 48. Rd3 Ka4 49. a3 Rg4 50. Rd2 Kb5
51. Kb3 a4+ 52. Kb2 Kc5 53. Rh2 Rg5 54. Rh4 Kb5 55. Rd4 Rg3
56. Rd5+ Kb6 57. Rd3 Rg4 58. Rh3 Rg5 59. Rh4 Kb5 60. Rb4+ Ka5
61. Rd4 Rg3 62. Rb4 Rh3 63. Rb8 Rg3 64. Rd8 Kb5 65. Rd5+ Kb6
66. Rd3 Rg4 67. Kc3 Kc5 68. Rf3 Rc4+ 69. Kd2 Rd4+ 70. Rd3 Rh4
71. Rc3+ Kb5 72. Kc1 Rg4 73. Kb2 Rh4 74. Re3 Rh5 75. Re4 Rh3
76. Re5+ Kb6 77. c4 Rb3+ 78. Ka2 Rc3 79. Rb5+ Kc6 80. Rb4 Kc5
81. Rxa4 Rxc4 82. Rxc4+ Kxc4 1/2-1/2

[Event "Women Grand Prix Ankara"]
[Site "Ankara TUR"]
[Date "2012.09.24"]
[EventDate "2012.09.16"]
[Round "8"]
[Result "1/2-1/2"]
[White "Monika (Bobrowska) Socko"]
[Black "Betul Cemre Yildiz"]
[WhiteElo "2463"]
[BlackElo "2341"]
[PlyCount "113"]

1. e4 e5 2. Nf3 Nc6 3. Bb5 a6 4. Bxc6 dxc6 5. O-O Qd6 6. Na3
Be6 7. Qe2 f6 8. Rd1 Bg4 9. c3 Qe6 10. Nc2 Bd6 11. Ne3 Ne7
12. Nxg4 Qxg4 13. d4 O-O-O 14. h3 Qe6 15. Be3 exd4 16. Rxd4 g5
17. b4 h5 18. Qc4 Qxc4 19. Rxc4 g4 20. Nh4 gxh3 21. gxh3 Ng6
22. Nxg6 Rhg8 23. Kf1 Rxg6 24. Rd4 Rdg8 25. Ke2 Rg2 26. Rd3
R8g3 27. Rh1 Kd7 28. Bd4 Rxd3 29. Kxd3 Ke6 30. Ke3 b6 31. Kf3
Rg8 32. Rd1 Ra8 33. Rg1 a5 34. bxa5 Rxa5 35. Rg6 Be5 36. Bxe5
Kxe5 37. Rh6 Ke6 38. h4 Rxa2 39. Rxh5 Ra3 40. Rh7 Rxc3+
41. Kf4 b5 42. Rxc7 b4 43. h5 b3 44. h6 b2 45. Rb7 Rh3
46. Rxb2 Rxh6 47. Rc2 Rh4+ 48. Ke3 Kd6 49. f3 Rh5 50. Kf4 Ra5
51. Rd2+ Ke6 52. Rd8 Ke7 53. Rc8 Kd7 54. Rf8 Ke7 55. Rc8 Kd7
56. Rf8 Ke7 57. Rc8 1/2-1/2

[Event "Women Grand Prix Ankara"]
[Site "Ankara TUR"]
[Date "2012.09.26"]
[EventDate "2012.09.16"]
[Round "9"]
[Result "1-0"]
[White "Betul Cemre Yildiz"]
[Black "Tatiana Kosintseva"]
[WhiteElo "2341"]
[BlackElo "2524"]
[PlyCount "121"]

1. e4 c5 2. c3 d6 3. d4 Nf6 4. Bd3 Qc7 5. h3 g6 6. Nf3 Bg7
7. O-O O-O 8. Be3 e5 9. Nbd2 b6 10. d5 Ne8 11. Nh2 Nd7 12. a4
f5 13. f3 f4 14. Bf2 Ndf6 15. a5 Rb8 16. axb6 axb6 17. Qe2 g5
18. Ra2 h5 19. Rfa1 Rf7 20. Ba6 Bf8 21. Bxc8 Qxc8 22. Ra7 b5
23. Rxf7 Kxf7 24. Ra7+ Rb7 25. Rxb7+ Qxb7 26. h4 gxh4 27. Bxh4
Qa6 28. Nhf1 Be7 29. g3 fxg3 30. Nxg3 Ng7 31. Qh2 Kg6 32. Qg2
Kf7 33. Qh2 Kg6 34. Qg2 Kh7 35. Qh2 Kh6 36. Ndf1 Qa1 37. Qd2+
Kh7 38. Qh2 Kg6 39. Qg2 Kf7 40. Nf5 Nxf5 41. exf5 Nxd5
42. Qg6+ Kf8 43. f6 Bxf6 44. Bxf6 Qd1 45. Bg5 Qxf3 46. Qxd6+
Kf7 47. Qxe5 c4 48. Ne3 Nxe3 49. Qxe3 Qd1+ 50. Kh2 Qc2+
51. Kg3 Kg6 52. Qe5 h4+ 53. Kh3 Kf7 54. Qf6+ Kg8 55. Qe6+ Kg7
56. Bf6+ Kg6 57. Be5+ Kg5 58. Qg4+ Kh6 59. Qxh4+ Kg6 60. Qf6+
Kh5 61. Qf7+ 1-0

[Event "Women Grand Prix Ankara"]
[Site "Ankara TUR"]
[Date "2012.09.27"]
[EventDate "2012.09.16"]
[Round "10"]
[Result "0-1"]
[White "Betul Cemre Yildiz"]
[Black "Zhao Xue"]
[WhiteElo "2341"]
[BlackElo "2549"]
[PlyCount "146"]

1. e4 c5 2. c3 d5 3. exd5 Qxd5 4. d4 Nf6 5. Nf3 e6 6. Na3 a6
7. Nc4 Nbd7 8. Be2 cxd4 9. Qxd4 Bc5 10. Qxd5 Nxd5 11. a4 Ke7
12. O-O Ba7 13. Rd1 Nc5 14. Nd4 Bd7 15. a5 Rhd8 16. Bf3 Be8
17. Ne3 Nf6 18. b3 Nfe4 19. Ba3 Nd6 20. Rab1 f5 21. Nc4 Nxc4
22. bxc4 Kf6 23. Bxb7 Rab8 24. Bxc5 Bxc5 25. Bxa6 e5 26. Rxb8
Rxb8 27. Nb5 Bf7 28. Nc7 Rb2 29. Rf1 e4 30. Nd5+ Kg5 31. g3
Ra2 32. Bb5 Rxa5 33. Nb4 Bh5 34. h4+ Kh6 35. Bd7 g6 36. Re1
Ra3 37. Nd5 Ra2 38. Ne3 Bf3 39. Kf1 Kh5 40. Be6 Rd2 41. Bg8
Kh6 42. Rb1 Ra2 43. Ke1 Kg7 44. Bd5 Kf6 45. Rb5 Re2+ 46. Kf1
Bxe3 47. fxe3 Rxe3 48. Rb6+ Ke7 49. Rb7+ Kd6 50. Rb6+ Kc7
51. Rb7+ Kc8 52. Rxh7 Rxc3 53. Rh6 Bh5 54. g4 Rf3+ 55. Kg2
Bxg4 56. Rxg6 Rc3 57. Be6+ Kc7 58. Rxg4 fxg4 59. Bxg4 Rxc4
60. h5 Kd6 61. h6 Rb4 62. h7 Rb8 63. Kf2 Ke5 64. Bh5 Kf4
65. Kg2 Rf8 66. Bg6 Ke3 67. Bf7 Rh8 68. Bg6 Kd4 69. Kf2 Rf8+
70. Ke2 Rb8 71. Kf2 e3+ 72. Kg3 Rf8 73. Kg2 e2 0-1

[Event "Women Grand Prix Ankara"]
[Site "Ankara TUR"]
[Date "2012.09.28"]
[EventDate "2012.09.16"]
[Round "11"]
[Result "1-0"]
[White "Antoaneta Stefanova"]
[Black "Betul Cemre Yildiz"]
[WhiteElo "2502"]
[BlackElo "2341"]
[PlyCount "79"]

1. Nf3 d5 2. c4 dxc4 3. e3 Nf6 4. Bxc4 e6 5. O-O a6 6. Qe2 b5
7. Bb3 c5 8. a4 b4 9. d3 Nc6 10. Nbd2 Na5 11. Ba2 Bb7 12. e4
Be7 13. Ne5 Nc6 14. Nxc6 Bxc6 15. Bb3 Qd7 16. Nc4 Rd8 17. Ne5
Qc7 18. Bf4 Bd6 19. Nxc6 Bxf4 20. Nxd8 Qxd8 21. Bc4 Qd6 22. g3
Be5 23. d4 Qxd4 24. Bxa6 O-O 25. a5 Qxb2 26. Qxb2 Bxb2 27. Ra2
Bd4 28. Bb7 Nd7 29. Rb1 f6 30. a6 Nb6 31. a7 Na8 32. Ra6 Kf7
33. Rc6 Ke7 34. Bc8 e5 35. Be6 Rd8 36. Rc8 Rxc8 37. Bxc8 c4
38. Rxb4 Bc5 39. Rxc4 Bxa7 40. Ra4 1-0

[Event "9th Vasylyshyn Mem GM"]
[Site "Lviv UKR"]
[Date "2012.11.26"]
[EventDate "2012.11.20"]
[Round "7"]
[Result "1/2-1/2"]
[White "Betul Cemre Yildiz"]
[Black "Viacheslav Zakhartsov"]
[WhiteElo "2379"]
[BlackElo "2531"]
[PlyCount "48"]

1. e4 c5 2. c3 Nf6 3. e5 Nd5 4. d4 cxd4 5. Nf3 e6 6. cxd4 d6
7. Bc4 Nb6 8. Bd3 Nc6 9. Bg5 Be7 10. Bxe7 Qxe7 11. Nc3 dxe5
12. dxe5 O-O 13. O-O Nd7 14. Qe2 Nc5 15. Rad1 Nxd3 16. Rxd3
Bd7 17. Rfd1 Rfd8 18. Qe4 Be8 19. h4 Rxd3 20. Rxd3 h6 21. Qg4
Rd8 22. Rxd8 Qxd8 23. Ne4 Kf8 24. Qg3 Nb4 1/2-1/2

[Event "9th Vasylyshyn Mem GM"]
[Site "Lviv UKR"]
[Date "2012.11.28"]
[EventDate "2012.11.20"]
[Round "9"]
[Result "0-1"]
[White "Betul Cemre Yildiz"]
[Black "Yuri Vovk"]
[WhiteElo "2379"]
[BlackElo "2592"]
[PlyCount "84"]

1. e4 e6 2. d4 d5 3. Nd2 Be7 4. Ngf3 Nf6 5. Bd3 b6 6. O-O c5
7. exd5 Qxd5 8. dxc5 Bxc5 9. Qe2 Bb7 10. c4 Qh5 11. b3 Nc6
12. Bb2 O-O-O 13. Rad1 Nd4 14. Bxd4 Bxd4 15. Ne4 Bc5 16. Nxf6
gxf6 17. Be4 Ba6 18. Rxd8+ Rxd8 19. Rd1 Qg4 20. Rxd8+ Kxd8
21. Qd2+ Ke7 22. Bc6 Bc8 23. Qc2 Qf4 24. Ne1 Qe5 25. Nd3 Qa1+
26. Qc1 Qxa2 27. Nxc5 bxc5 28. Qd1 Qa6 29. Be4 h6 30. g3 Qb6
31. Qh5 f5 32. Bc2 Qb4 33. Qe2 Qc3 34. Bxf5 Qxb3 35. Be4 a5
36. Bc6 Ba6 37. Qe5 Qd1+ 38. Kg2 Qd6 39. Qe4 Qd4 40. Qe1 Qxc4
41. Qxa5 Qf1+ 42. Kf3 Qh1+ 0-1

[Event "FBL 1"]
[Site "Deutschland"]
[Date "2012.12.01"]
[EventDate "2012.10.06"]
[Round "3.5"]
[Result "1-0"]
[White "Mariya Muzychuk"]
[Black "Betul Cemre Yildiz"]
[WhiteElo "2466"]
[BlackElo "2341"]
[PlyCount "97"]

1. e4 e5 2. Nf3 Nc6 3. d4 exd4 4. Nxd4 Bc5 5. Nb3 Bb4+ 6. c3
Be7 7. Be3 Nf6 8. N1d2 d5 9. Qc2 O-O 10. O-O-O a5 11. Nd4 Ng4
12. Nc4 Bg5 13. Nf3 Bxe3+ 14. Nxe3 Nxe3 15. fxe3 Qe7 16. exd5
Qxe3+ 17. Kb1 Nb8 18. Rd4 Nd7 19. Bd3 g6 20. Re1 Qh6 21. Qf2
Nf6 22. Qg3 c5 23. dxc6 bxc6 24. Qd6 Be6 25. Qxc6 Rab8 26. Qd6
a4 27. Bc2 a3 28. Qxa3 Ra8 29. Ra4 Bd5 30. Qd6 Rxa4 31. Bxa4
Bxf3 32. gxf3 Qh4 33. Rc1 Qxa4 34. Qxf6 Ra8 35. a3 Qb3 36. Qd6
Rb8 37. Rc2 Re8 38. Qd1 Rb8 39. Rd2 Qb6 40. b4 Qf6 41. Kb2 Rc8
42. Rd4 h5 43. a4 Kh7 44. a5 Qc6 45. Qd3 Rb8 46. Rd5 Qc7
47. Rxh5+ Kg8 48. Rh4 Qxa5 49. Qd4 1-0

[Event "Women's World Team Championship"]
[Site "Astana KAZ"]
[Date "2013.03.03"]
[EventDate "2013.03.03"]
[Round "1.1"]
[Result "0-1"]
[White "Betul Cemre Yildiz"]
[Black "Nana Dzagnidze"]
[WhiteElo "2341"]
[BlackElo "2554"]
[PlyCount "50"]

1. e4 c5 2. Nf3 e6 3. d4 cxd4 4. Nxd4 Nc6 5. Nb5 d6 6. Bf4 e5
7. Be3 a6 8. N5c3 Nf6 9. Nd2 Be7 10. Bg5 Bg4 11. f3 Be6
12. Bxf6 Bxf6 13. Nc4 Nd4 14. Ne3 Rc8 15. Qd3 Bg5 16. Ned5
Bxd5 17. exd5 O-O 18. Be2 Qb6 19. Rb1 f5 20. Bd1 Rce8 21. Ne2
Nxe2 22. Bxe2 e4 23. Qb3 Qc5 24. Kf1 exf3 25. Bxf3 Bh4 0-1

[Event "Women's World Team Championship"]
[Site "Astana KAZ"]
[Date "2013.03.04"]
[EventDate "2013.03.03"]
[Round "2.1"]
[Result "1/2-1/2"]
[White "Anna Zatonskih"]
[Black "Betul Cemre Yildiz"]
[WhiteElo "2491"]
[BlackElo "2368"]
[PlyCount "116"]

1. d4 d5 2. Nf3 Nf6 3. c4 dxc4 4. e3 e6 5. Bxc4 a6 6. O-O c5
7. Nc3 b5 8. Be2 Bb7 9. dxc5 Bxc5 10. Qxd8+ Kxd8 11. Nd2 Nbd7
12. Nb3 Bb6 13. a4 b4 14. a5 Ba7 15. Na2 Bd5 16. Nd4 e5
17. Nf5 g6 18. Ng3 Rb8 19. Bd2 Bxa2 20. Rxa2 Nc5 21. Rc1 Ne8
22. e4 Nb3 23. Rd1 Ke7 24. Bxa6 Nd6 25. Bg5+ Ke6 26. Be2 f5
27. exf5+ gxf5 28. Be3 Nd4 29. Bxd4 Bxd4 30. b3 Rhc8 31. Rad2
Rc3 32. Rd3 Nb5 33. Kf1 Ra8 34. Rxc3 Nxc3 35. Bc4+ Kf6 36. Ra1
f4 37. Nh5+ Kg6 38. g4 Ra7 39. a6 Kg5 40. h3 Ne4 41. Ra2 Rc7
42. f3 Nc3 43. Rd2 Nb1 44. Rd1 Nc3 45. Re1 Be3 46. Ra1 Bd4
47. Re1 Rd7 48. Be2 Nd5 49. Bb5 Rc7 50. Kg2 Ne3+ 51. Kh2 Rc2+
52. Re2 Nf1+ 53. Kg2 Ne3+ 54. Kh2 Nf1+ 55. Kg2 Ne3+ 56. Kh2
Nf1+ 57. Kg2 Ne3+ 58. Kh2 Nf1+ 1/2-1/2

[Event "Women's World Team Championship"]
[Site "Astana KAZ"]
[Date "2013.03.05"]
[EventDate "2013.03.03"]
[Round "3.1"]
[Result "0-1"]
[White "Betul Cemre Yildiz"]
[Black "Alexandra Kosteniuk"]
[WhiteElo "2368"]
[BlackElo "2495"]
[PlyCount "74"]

1. e4 d5 2. exd5 Qxd5 3. Nc3 Qd6 4. d4 Nf6 5. Nf3 c6 6. Ne5
Nbd7 7. Nc4 Qc7 8. Qf3 Nb6 9. Bf4 Qd7 10. h3 Nxc4 11. Bxc4
Qxd4 12. Bb3 Bf5 13. Rd1 Qb6 14. Be5 e6 15. g4 Bg6 16. Bxf6
gxf6 17. Qxf6 Rg8 18. Bxe6 Be7 19. Bd7+ Kf8 20. Qf3 Qxb2
21. O-O Qxc2 22. Rfe1 Bb4 23. Re3 Bxc3 24. Rxc3 Be4 25. Rxc2
Bxf3 26. Re1 h5 27. Kh2 hxg4 28. Kg3 Rd8 29. Bf5 Rd5 30. Bc8
Rd3 31. Re3 Rxe3 32. fxe3 Be4 33. Rc4 gxh3+ 34. Kxh3 Bg2+
35. Kh2 Bd5 36. Ra4 Rg2+ 37. Kh3 Rxa2 0-1

[Event "Women's World Team Championship"]
[Site "Astana KAZ"]
[Date "2013.03.06"]
[EventDate "2013.03.03"]
[Round "4.1"]
[Result "1-0"]
[White "Anna Ushenina"]
[Black "Betul Cemre Yildiz"]
[WhiteElo "2477"]
[BlackElo "2368"]
[PlyCount "73"]

1. d4 d5 2. c4 dxc4 3. e4 e5 4. Nf3 Bb4+ 5. Nc3 exd4 6. Nxd4
Nd7 7. Bxc4 Ngf6 8. O-O O-O 9. Bf4 Nb6 10. Bb3 c6 11. e5 Nfd5
12. Nxd5 Nxd5 13. Bg3 Nc7 14. Bc2 c5 15. Nf5 Qxd1 16. Rfxd1
Be6 17. Be4 Rab8 18. Nd6 b5 19. Bh4 f6 20. exf6 gxf6 21. Bg3
Ba5 22. Nb7 Bb6 23. Nxc5 Bxc5 24. Bxc7 Rbc8 25. Bd6 Bxd6
26. Rxd6 Bxa2 27. h3 f5 28. Bd3 Bc4 29. Rxa7 Bxd3 30. Rxd3
Rc1+ 31. Kh2 Rc2 32. Rg3+ Kh8 33. Rgg7 Rf6 34. Rxh7+ Kg8
35. Rhg7+ Kh8 36. Rgb7 Kg8 37. Ra8+ 1-0

[Event "Women's World Team Championship"]
[Site "Astana KAZ"]
[Date "2013.03.07"]
[EventDate "2013.03.03"]
[Round "5.1"]
[Result "1-0"]
[White "Betul Cemre Yildiz"]
[Black "Irina Bulmaga"]
[WhiteElo "2368"]
[BlackElo "2355"]
[PlyCount "79"]

1. e4 c6 2. d4 d5 3. Nc3 dxe4 4. Nxe4 Bf5 5. Ng3 Bg6 6. h4 h6
7. Nf3 Nd7 8. h5 Bh7 9. Bd3 Bxd3 10. Qxd3 e6 11. Bd2 Qc7
12. O-O-O Ngf6 13. Ne4 O-O-O 14. g3 Be7 15. Kb1 c5 16. Nxf6
Bxf6 17. dxc5 Ne5 18. Qe4 Nxf3 19. Qxf3 Qxc5 20. c3 Qb5
21. Bc1 Kb8 22. g4 Rc8 23. Qd3 Rc4 24. b3 Rhc8 25. Bb2 R4c5
26. Qxb5 Rxb5 27. Rd7 Rc7 28. Rhd1 Rxd7 29. Rxd7 Re5 30. Bc1
Re1 31. Rxf7 e5 32. Kc2 Re2+ 33. Kd3 Rxf2 34. g5 hxg5 35. Bxg5
e4+ 36. Kxe4 Re2+ 37. Kd3 Re8 38. Bxf6 gxf6 39. h6 f5 40. Rg7
1-0

[Event "Women's World Team Championship"]
[Site "Astana KAZ"]
[Date "2013.03.09"]
[EventDate "2013.03.03"]
[Round "6.1"]
[Result "1-0"]
[White "Guliskhan Nakhbayeva"]
[Black "Betul Cemre Yildiz"]
[WhiteElo "2353"]
[BlackElo "2368"]
[PlyCount "77"]

1. d4 d5 2. Nf3 e6 3. c4 dxc4 4. e3 a6 5. Bxc4 c5 6. O-O Nf6
7. Nc3 b5 8. Be2 Bb7 9. dxc5 Bxc5 10. Qxd8+ Kxd8 11. Nd2 Ke7
12. Nb3 Bd6 13. Na5 Ra7 14. Bd2 Nc6 15. Nxb7 Rxb7 16. Rfd1 Rc7
17. Be1 Rb8 18. Rac1 Ne5 19. Rb1 g5 20. f4 gxf4 21. Bh4 Rxc3
22. bxc3 Bc5 23. Kf1 Bxe3 24. c4 b4 25. Be1 a5 26. a3 Bc5
27. Bd2 Ng6 28. Bf3 e5 29. axb4 axb4 30. Bc6 Ng4 31. Ke2 Nf8
32. h3 Ne6 33. Bc3 Ne3 34. Rd7+ Kf6 35. Ba1 Bd4 36. Be4 Nc5
37. Rxd4 Nxe4 38. Rxe4 Re8 39. Rxf4+ 1-0

[Event "Women's World Team Championship"]
[Site "Astana KAZ"]
[Date "2013.03.12"]
[EventDate "2013.03.03"]
[Round "9.1"]
[Result "1-0"]
[White "Sophie Milliet"]
[Black "Betul Cemre Yildiz"]
[WhiteElo "2408"]
[BlackElo "2368"]
[PlyCount "105"]

1. e4 e5 2. Nf3 Nc6 3. Bc4 Nf6 4. d3 Be7 5. O-O O-O 6. a4 d5
7. exd5 Nxd5 8. h3 Nb6 9. Bb3 Qd6 10. Nbd2 Qg6 11. Kh1 Be6
12. Bxe6 Qxe6 13. a5 Nd5 14. Re1 Qf5 15. a6 b6 16. Ne4 Qg6
17. Ng3 Bd6 18. Nh4 Qe6 19. Nhf5 Nde7 20. Qf3 Nxf5 21. Nxf5
Bc5 22. c3 Ne7 23. Nxe7+ Bxe7 24. d4 f6 25. Qe4 Bd6 26. dxe5
fxe5 27. Be3 Rae8 28. Red1 Qf5 29. Qxf5 Rxf5 30. Rd5 Kf7
31. Rad1 Ke6 32. Kg1 e4 33. Rxf5 Kxf5 34. Kf1 g6 35. Ke2 h5
36. b4 Re5 37. Rd4 Re8 38. b5 Re5 39. c4 Re7 40. Rd5+ Re5
41. g4+ hxg4 42. hxg4+ Ke6 43. Rd1 Ke7 44. Rh1 Kd7 45. Rh8 Re7
46. Ra8 Ke6 47. Rxa7 Re8 48. Rb7 Ke5 49. a7 Ra8 50. Kd2 Kf6
51. Kc3 Ke5 52. c5 bxc5 53. Kc4 1-0

[Event "European Individual Championships"]
[Site "Legnica POL"]
[Date "2013.05.05"]
[EventDate "2013.05.05"]
[Round "1.78"]
[Result "1-0"]
[White "Dragan Solak"]
[Black "Betul Cemre Yildiz"]
[WhiteElo "2602"]
[BlackElo "2325"]
[PlyCount "101"]

1. e4 e5 2. Nf3 Nc6 3. Bb5 a6 4. Bxc6 dxc6 5. O-O Bg4 6. h3
Bh5 7. g4 Bg6 8. Nxe5 Qh4 9. Qf3 f6 10. Nxg6 hxg6 11. Kg2
O-O-O 12. d3 g5 13. Nd2 Ne7 14. Rh1 Kb8 15. Qe3 Ng6 16. Nf3
Qh7 17. Qe1 Bd6 18. b4 Bf4 19. Be3 Qg8 20. a4 Qe8 21. Qc3 Qd7
22. Kf1 Ne5 23. Bxf4 Nxf3 24. Bg3 Nd4 25. Kg2 Rh7 26. f3 Rdh8
27. Rae1 g6 28. Qd2 Ne6 29. c3 Rh6 30. Rh2 Qh7 31. Reh1 f5
32. h4 fxg4 33. fxg4 Qf7 34. hxg5 Rxh2+ 35. Rxh2 Rf8 36. Qe2
Nf4+ 37. Bxf4 Qxf4 38. e5 Qxg5 39. Rh3 Qe7 40. e6 Rf6 41. Re3
b6 42. Re5 Rf8 43. g5 Rh8 44. Qf3 Qh7 45. Kf1 Qg7 46. Qg3 Qh7
47. Ke2 Kc8 48. e7 Qh5+ 49. Kd2 Kd7 50. Re2 Re8 51. Rh2 1-0

[Event "European Individual Championships"]
[Site "Legnica POL"]
[Date "2013.05.06"]
[EventDate "2013.05.05"]
[Round "2.92"]
[Result "0-1"]
[White "Betul Cemre Yildiz"]
[Black "Mateusz Bartel"]
[WhiteElo "2325"]
[BlackElo "2619"]
[PlyCount "68"]

1. e4 e6 2. d4 d5 3. Nd2 Nf6 4. e5 Nfd7 5. Bd3 c5 6. c3 Nc6
7. Ne2 a5 8. O-O a4 9. Nf3 a3 10. b3 cxd4 11. cxd4 Nb4 12. Bb1
Nb8 13. Nf4 Bd7 14. Be3 Bb5 15. Re1 h6 16. Nh5 N8c6 17. h3 Qa5
18. Nh2 O-O-O 19. f4 Kb8 20. Ng3 Qa6 21. Qh5 g6 22. Qf3 h5
23. Nh1 Rc8 24. Nf2 Be7 25. Qd1 Rc7 26. Nf3 Rhc8 27. g4 hxg4
28. hxg4 Nd8 29. Ng5 Nc2 30. Bxc2 Rxc2 31. Qf3 Qa5 32. f5 Rxa2
33. fxg6 Rxa1 34. Rxa1 fxg6 0-1

[Event "European Individual Championships"]
[Site "Legnica POL"]
[Date "2013.05.07"]
[EventDate "2013.05.05"]
[Round "3.122"]
[Result "1/2-1/2"]
[White "Pawel Musialkiewicz"]
[Black "Betul Cemre Yildiz"]
[WhiteElo "2160"]
[BlackElo "2325"]
[PlyCount "69"]

1. d4 Nf6 2. c4 e6 3. Nc3 Bb4 4. Qc2 O-O 5. Bg5 h6 6. Bh4 d6
7. a3 Bxc3+ 8. Qxc3 Nbd7 9. e3 b6 10. Ne2 Bb7 11. Qc2 c5
12. Rd1 Qe7 13. Nc3 cxd4 14. Rxd4 Rfd8 15. f3 Ne5 16. Be2 Ng6
17. Bxf6 Qxf6 18. O-O Qg5 19. Qd2 Nh4 20. Rg4 Qe7 21. Rd4 Rac8
22. b3 d5 23. cxd5 exd5 24. Bd3 Qg5 25. Rg4 Qe7 26. Ne2 Re8
27. Kf2 h5 28. Rd4 Qg5 29. Ng3 Ng6 30. Nf5 Qf6 31. Qb4 a5
32. Qd2 Re6 33. Re1 Rce8 34. g4 Ne5 35. Rg1 1/2-1/2

[Event "European Individual Championships"]
[Site "Legnica POL"]
[Date "2013.05.08"]
[EventDate "2013.05.05"]
[Round "4.125"]
[Result "0-1"]
[White "Betul Cemre Yildiz"]
[Black "Martin Christian Huber"]
[WhiteElo "2325"]
[BlackElo "2176"]
[PlyCount "54"]

1. e4 c5 2. Nf3 e6 3. d4 cxd4 4. Nxd4 Nc6 5. Nb5 d6 6. c4 Nf6
7. N1c3 a6 8. Na3 Be7 9. Be2 O-O 10. O-O b6 11. Be3 Bb7
12. Qb3 Nd7 13. Rfd1 Nc5 14. Qc2 Bf6 15. f3 Qe7 16. Qd2 Rfd8
17. Nc2 Rac8 18. Rab1 Ne5 19. Na3 Ng6 20. b4 Bxc3 21. Qxc3 Nd7
22. Qd2 d5 23. exd5 exd5 24. cxd5 Bxd5 25. Bg5 Nf6 26. Qb2 b5
27. Rd2 Bb7 0-1

[Event "European Individual Championships"]
[Site "Legnica POL"]
[Date "2013.05.09"]
[EventDate "2013.05.05"]
[Round "5.136"]
[Result "0-1"]
[White "Vladimir Chubar"]
[Black "Betul Cemre Yildiz"]
[WhiteElo "2053"]
[BlackElo "2325"]
[PlyCount "58"]

1. d4 d5 2. Nf3 Nf6 3. Bf4 c5 4. e3 Nc6 5. c3 Qb6 6. Qc1 Bf5
7. Nbd2 cxd4 8. exd4 Rc8 9. a3 h6 10. h3 g5 11. Be3 Bg7
12. Be2 O-O 13. O-O Ne8 14. Re1 Nd6 15. Ne5 Nb5 16. Qd1 Nxe5
17. dxe5 d4 18. cxd4 Nxd4 19. Bg4 Bc2 20. Bxd4 Qxd4 21. Qe2 e6
22. b4 Rfd8 23. Nf3 Qd3 24. Rac1 Qxe2 25. Rxe2 Bg6 26. Rxc8
Rxc8 27. Rd2 h5 28. Rd7 hxg4 29. hxg4 Be4 0-1